Teaching style and textbooks (Record no. 77818)

MARC details
000 -CABECERA
campo de control de longitud fija 00606nam a2200217 a 4500
005 - FECHA Y HORA DE LA ÚLTIMA TRANSACCIÓN
campo de control 20210219153455.0
008 - ELEMENTOS DE LONGITUD FIJA--INFORMACIÓN GENERAL
campo de control de longitud fija 991125n 000 0 u
035 ## - NÚMERO DE CONTROL DEL SISTEMA
Número de control de sistema UPN01000101806
100 ## - ASIENTO PRINCIPAL--NOMBRE PERSONAL
Nombre de persona Zahorik, John A
222 #0 - TÍTULO CLAVE
Título clave TEACHING AND TEACHER EDUCATION :
Información calificativa AN INTERNATIONAL JOURNAL OF RESEARCH AND STUDIES
245 #0 - MENCIÓN DE TÍTULO
Título Teaching style and textbooks
300 ## - DESCRIPCIÓN FÍSICA
Extensión 185-196
362 ## - FECHAS DE PUBLICACIÓN Y/O DESIGNACIÓN SECUENCIAL
Fecha de publicación y/o designación secuencial 7, No. 2, 1991
505 ## - NOTA DE CONTENIDO CON FORMATO PREESTABLECIDO
Nota de contenido con formato Enero 1992
653 0# - TERMINO DE INDIZACION - NO CONTROLADO
Término no controlado ACTITUD DOCENTE
653 0# - TERMINO DE INDIZACION - NO CONTROLADO
Término no controlado ESTILOS DE ENSEÑANZA
653 0# - TERMINO DE INDIZACION - NO CONTROLADO
Término no controlado IDEOLOGIA
653 0# - TERMINO DE INDIZACION - NO CONTROLADO
Término no controlado LIBROS DE TEXTO
904 ## - ELEMENTOS DE DATOS D LOCAL, LDD (RLIN)
a AC
b 039617
905 ## - TIPO DE MATERIAL
Tipo de material Articulo

No items available.